[Event "Tbilisi zt (Women)"]
[Site "Tbilisi"]
[Date "1999.??.??"]
[Round "4"]
[White "Mkrtchian, Lilit"]
[Black "Botsari, Anna Maria"]
[Result "1/2-1/2"]
[WhiteElo "2294"]
[BlackElo "2333"]
[EventDate "1999.05.07"]
[PlyCount "28"]

1.e4 c5 2.Nf3 Nc6 3.d4 cxd4 4.Nxd4 Qc7 5.Nc3 e6 6.Be2 a6 7.Be3 Nf6 8.O-O 
Bb4 9.Na4 Be7 10.Nxc6 bxc6 11.Nb6 Rb8 12.Nxc8 Qxc8 13.e5 Nd5 14.Bc1 Bc5 
1/2-1/2

[Event "Tbilisi zt (Women)"]
[Site "Tbilisi"]
[Date "1999.??.??"]
[Round "4"]
[White "Petraki, Maria"]
[Black "Sisman, Gizem"]
[Result "1-0"]
[WhiteElo "2140"]
[BlackElo "2050"]
[EventDate "1999.05.07"]
[PlyCount "85"]

1.e4 c6 2.Nc3 d5 3.f4 dxe4 4.Nxe4 g6 5.Nf3 Bg7 6.g3 Nh6 7.Nf2 Qb6 8.Bg2 
Ng4 9.O-O Nxf2 10.Rxf2 Bg4 11.c3 O-O 12.h3 Bf5 13.Qe2 Re8 14.g4 Be6 15.f5 
Bd5 16.fxg6 fxg6 17.d4 Nd7 18.Ng5 e5 19.Bxd5+ cxd5 20.Qf3 Nf6 21.dxe5 Rxe5
22.Bf4 Re7 23.Qd3 Rd8 24.Kg2 h6 25.Nf3 g5 26.Bh2 Re3 27.Qd4 Qxd4 28.Nxd4 
Ne4 29.Nf5 Nxf2 30.Nxe3 Nd3 31.Nf5 Nxb2 32.Nxg7 Kxg7 33.Rb1 Na4 34.Rxb7+ 
Kg8 35.Be5 Re8 36.Bd4 Nb6 37.Rg7+ Kf8 38.Rxa7 Nc4 39.Bg7+ Kg8 40.Bxh6 Re5 
41.Rg7+ Kh8 42.Rxg5 Re2+ 43.Kf1 1-0

[Event "Tbilisi zt (Women)"]
[Site "Tbilisi"]
[Date "1999.??.??"]
[Round "4"]
[White "Sanli, Emine"]
[Black "Stiri, Alexandra"]
[Result "1-0"]
[WhiteElo "2050"]
[BlackElo "2092"]
[EventDate "1999.05.07"]
[PlyCount "120"]

1.e4 c5 2.Nc3 Nc6 3.g3 g6 4.Bg2 Bg7 5.d3 d6 6.Be3 e5 7.Nge2 Be6 8.Qd2 Qd7 
9.Nd5 Rc8 10.h4 h5 11.c3 Nce7 12.Bg5 Nxd5 13.exd5 Bf5 14.Be4 f6 15.Be3 Ne7
16.Bg2 Kf7 17.f4 exf4 18.Nxf4 Rhe8 19.O-O Bg4 20.Qf2 Nf5 21.Bd2 Re5 22.Be4
Ne7 23.Rae1 f5 24.Ne6 Bh3 25.Ng5+ Kg8 26.Nxh3 fxe4 27.Nf4 exd3 28.Nxd3 Rf5
29.Qe3 Rxf1+ 30.Rxf1 Nxd5 31.Qg5 Ne7 32.Nf4 Rf8 33.Nxg6 Nxg6 34.Qxg6 Rxf1+
35.Kxf1 Qf7+ 36.Qxf7+ Kxf7 37.Ke2 Be5 38.Kf3 Kg6 39.g4 hxg4+ 40.Kxg4 d5 
41.h5+ Kf6 42.Bf4 d4 43.Bxe5+ Kxe5 44.cxd4+ cxd4 45.Kf3 Kf5 46.h6 Kg6 47.
Ke4 d3 48.Kxd3 Kxh6 49.Ke4 Kg6 50.Kd5 Kf5 51.a4 Kf4 52.Kd6 Ke4 53.Kc7 b5 
54.a5 Kd3 55.a6 b4 56.Kb7 Kc2 57.Kxa7 Kxb2 58.Kb6 b3 59.a7 Kc2 60.a8=Q b2 
1-0

[Event "Tbilisi zt (Women)"]
[Site "Tbilisi"]
[Date "1999.??.??"]
[Round "4"]
[White "Tqeshelashvili, Sopio"]
[Black "Goletiani, Rusudan"]
[Result "1/2-1/2"]
[WhiteElo "2321"]
[BlackElo "2310"]
[EventDate "1999.05.07"]
[PlyCount "31"]

1.e4 e5 2.Nf3 Nc6 3.Bb5 a6 4.Ba4 Nf6 5.O-O Be7 6.Re1 b5 7.Bb3 d6 8.c3 O-O 
9.h3 Na5 10.Bc2 c5 11.d4 Qc7 12.Nbd2 cxd4 13.cxd4 Nc6 14.d5 Nb4 15.Bb1 a5 
16.a3 1/2-1/2

[Event "Tbilisi zt (Women)"]
[Site "Tbilisi"]
[Date "1999.??.??"]
[Round "5"]
[White "Botsari, Anna Maria"]
[Black "Gvetadze, Sofio"]
[Result "0-1"]
[WhiteElo "2333"]
[BlackElo "2174"]
[EventDate "1999.05.07"]
[PlyCount "70"]

1.d4 Nf6 2.c4 e6 3.Nc3 c5 4.d5 exd5 5.cxd5 d6 6.e4 g6 7.f3 a6 8.a4 Bg7 9.
Bg5 O-O 10.Qd2 Re8 11.Nge2 Nbd7 12.Nd1 h6 13.Be3 Ne5 14.Nec3 Kh7 15.Be2 
Rb8 16.O-O Qc7 17.Nf2 b6 18.Ra3 Bb7 19.Rb1 Ned7 20.f4 Bc8 21.b4 cxb4 22.
Rxb4 Nc5 23.e5 Nfd7 24.e6 fxe6 25.dxe6 Nf6 26.f5 gxf5 27.Rh4 Nxe6 28.Bxh6 
Kg8 29.Bxg7 Nxg7 30.Qh6 Kf7 31.Qg5 Qc5 32.Rh6 Re6 33.Rb3 Bb7 34.Bf1 Ng4 
35.Ne4 Bxe4 0-1

[Event "Tbilisi zt (Women)"]
[Site "Tbilisi"]
[Date "1999.??.??"]
[Round "5"]
[White "Danielian, Elina"]
[Black "Khurtsidze, Nino"]
[Result "0-1"]
[WhiteElo "2353"]
[BlackElo "2405"]
[EventDate "1999.05.07"]
[PlyCount "102"]

1.Nf3 Nf6 2.g3 c5 3.Bg2 Nc6 4.O-O e6 5.d3 Be7 6.e4 d6 7.Nbd2 O-O 8.Re1 Bd7
9.h3 Rc8 10.Nh2 b5 11.f4 d5 12.g4 dxe4 13.dxe4 c4 14.c3 Qb6+ 15.Kh1 Rcd8 
16.g5 Ne8 17.e5 Bc8 18.Qe2 g6 19.Ne4 Ng7 20.Be3 Qc7 21.Ng4 Nf5 22.Bf2 Bb7 
23.Rad1 a6 24.Kg1 Kg7 25.Ngf6 Rxd1 26.Rxd1 Rd8 27.Rd7 Qc8 28.Qd1 Rxd7 29.
Qxd7 Nb8 30.Qd1 h6 31.gxh6+ Nxh6 32.Nd6 Bxd6 33.Bxb7 Qxb7 34.exd6 Nd7 35.
Bd4 Kf8 36.Nxd7+ Qxd7 37.Bc5 Nf5 38.Kf2 Ke8 39.Qd2 Qc6 40.Bb4 Kd7 41.b3 
Qh1 42.bxc4 bxc4 43.h4 Qxh4+ 44.Kf3 Qh3+ 45.Kf2 Qh2+ 46.Ke1 Qg1+ 47.Ke2 
Qg2+ 48.Kd1 Qxd2+ 49.Kxd2 Kc6 50.a4 Nxd6 51.Ke3 Kd5 0-1

[Event "Tbilisi zt (Women)"]
[Site "Tbilisi"]
[Date "1999.??.??"]
[Round "5"]
[White "Darchia, Diana"]
[Black "Sanli, Emine"]
[Result "1-0"]
[WhiteElo "2445"]
[BlackElo "2050"]
[EventDate "1999.05.07"]
[PlyCount "202"]

1.e4 e6 2.d3 d5 3.Nd2 Nf6 4.Ngf3 b6 5.e5 Nfd7 6.g3 Be7 7.Bg2 Nc6 8.Qe2 Ba6
9.a3 Nc5 10.O-O h5 11.h4 Qd7 12.b4 Na4 13.c4 Bb7 14.Nb3 dxc4 15.dxc4 a6 
16.Ng5 g6 17.b5 axb5 18.cxb5 Nd4 19.Nxd4 Bxg2 20.Kxg2 Qxd4 21.Bd2 O-O 22.
Nf3 Qc5 23.Kh2 Rfd8 24.Bg5 Bxg5 25.Nxg5 Nc3 26.Qe3 Nxb5 27.Qf4 Rf8 28.Rad1
Qc6 29.Rc1 Qb7 30.Ne4 Kg7 31.Rc4 Rxa3 32.Qf6+ Kh6 33.Rd1 Qc8 34.Qg5+ Kg7 
35.Nf6 Rh8 36.Nxh5+ Rxh5 37.Qf6+ Kh6 38.Rd8 Qxd8 39.Qxd8 Kg7 40.Qf6+ Kg8 
41.g4 Rh7 42.Qd8+ Kg7 43.Rf4 Ra7 44.Qe8 c6 45.Qxc6 Rxh4+ 46.Kg3 g5 47.Qxb5
Ra1 48.Rf6 Rg1+ 49.Kf3 Rgxg4 50.Qxb6 Rf4+ 51.Rxf4 Rxf4+ 52.Kg3 Rf5 53.Qd4 
Rf4 54.Qd7 Rf5 55.Qb7 Rf4 56.f3 Kg6 57.Qb1+ Kg7 58.Qg1 Kh6 59.Qh2+ Rh4 60.
Qd2 Rf4 61.Kf2 Kg7 62.Ke3 Kh6 63.Qh2+ Rh4 64.Qd2 Rf4 65.Qd8 Kg6 66.Qg8+ 
Kh6 67.Ke2 Rf5 68.Kf2 Rf4 69.Ke3 Rf5 70.Kd4 Rxf3 71.Kc5 Kh5 72.Qh7+ Kg4 
73.Qh6 Rf5 74.Kd6 Kf3 75.Qh3+ Kf4 76.Qf1+ Ke3 77.Qe1+ Kf4 78.Qf2+ Ke4 79.
Qg3 Kd4 80.Qg4+ Ke3 81.Ke7 Kf2 82.Kf8 Kf1 83.Qh3+ Kf2 84.Kg7 Kg1 85.Qg3+ 
Kf1 86.Qh2 Rf4 87.Qd2 Rf5 88.Kh6 Kg1 89.Qxg5+ Kf2 90.Qd2+ Kf3 91.Qd4 Rf4 
92.Qd3+ Kg4 93.Kg7 Rf5 94.Qe3 Rf4 95.Qa7 Rf5 96.Qd4+ Kg5 97.Qd2+ Kg4 98.
Qe3 Rf4 99.Qe2+ Kg3 100.Qh5 Rf5 101.Qxf7 Rxe5 1-0

[Event "Tbilisi zt (Women)"]
[Site "Tbilisi"]
[Date "1999.??.??"]
[Round "5"]
[White "Gasparian, Narine"]
[Black "Edzgveradze, Natalia"]
[Result "0-1"]
[WhiteElo "2170"]
[BlackElo "2295"]
[EventDate "1999.05.07"]
[PlyCount "85"]

1.d4 Nf6 2.c4 e6 3.Nf3 b6 4.a3 Ba6 5.Qc2 Bb7 6.Nc3 c5 7.e4 cxd4 8.Nxd4 Nc6
9.Nf3 Qb8 10.Be2 Bc5 11.O-O Nd4 12.Qd1 Ng4 13.g3 Nxe2+ 14.Qxe2 Be7 15.Bf4 
d6 16.Rad1 O-O 17.Rd2 Rd8 18.Rfd1 a6 19.Ng5 Nf6 20.b4 Qc7 21.b5 h6 22.Nf3 
g5 23.Be3 axb5 24.Nxb5 Qc6 25.Nfd4 Qxe4 26.f3 Qe5 27.Nc2 Ne8 28.Ne1 Rdc8 
29.Qd3 d5 30.cxd5 Bxd5 31.Bd4 Bc5 32.Re2 Qf6 33.Qe3 Bxd4 34.Nxd4 Nd6 35.
Kg2 Nc4 36.Qf2 Rxa3 37.Ndc2 Ra4 38.Rb1 g4 39.Nd4 Ne5 40.Rxb6 gxf3+ 41.
Ndxf3 Ra3 42.Re3 Rxe3 43.Qxe3 0-1

[Event "Tbilisi zt (Women)"]
[Site "Tbilisi"]
[Date "1999.??.??"]
[Round "5"]
[White "Hlgatian, Goar"]
[Black "Petraki, Maria"]
[Result "1/2-1/2"]
[WhiteElo "2239"]
[BlackElo "2140"]
[EventDate "1999.05.07"]
[PlyCount "147"]

1.e4 c5 2.Nf3 d6 3.d4 cxd4 4.Nxd4 Nf6 5.Nc3 g6 6.Be2 Bg7 7.O-O O-O 8.Be3 
Nc6 9.Nb3 Be6 10.f4 Rc8 11.Kh1 Na5 12.f5 Bc4 13.Bd3 Bxb3 14.axb3 Nc6 15.
Nd5 a6 16.c3 Ne5 17.Bc2 e6 18.Nxf6+ Bxf6 19.Bh6 Re8 20.h3 Bg5 21.Bxg5 Qxg5
22.f6 Red8 23.Ra5 d5 24.Qe2 Nc6 25.Raa1 dxe4 26.Qxe4 Rd2 27.Rae1 Nd4 28.
Qxb7 Rd8 29.cxd4 Rxc2 30.Rxe6 Qxg2+ 31.Qxg2 Rxg2 32.Kxg2 fxe6 33.Rf4 Kf7 
34.Kg3 Rb8 35.Rf3 Rb4 36.Rd3 Kxf6 37.Kf3 Rb5 38.Ke4 Rh5 39.Rf3+ Ke7 40.Kd3
Rh4 41.Kc4 Kd6 42.Re3 Rf4 43.Kd3 Rf5 44.Kc4 e5 45.dxe5+ Rxe5 46.Rf3 Re4+ 
47.Kd3 Rh4 48.Ke3 Ke5 49.Ke2 h5 50.Rc3 Rd4 51.Kf3 g5 52.b4 Rxb4 53.Rc5+ 
Kf6 54.Rc6+ Kf5 55.Rc5+ Kf6 56.Rc6+ Kf7 57.Rxa6 Rb3+ 58.Kg2 Rxb2+ 59.Kg3 
Rb3+ 60.Kg2 Re3 61.Rb6 Re6 62.Rb2 Kf6 63.Ra2 Re5 64.Rb2 Kf5 65.Rf2+ Ke4 
66.Ra2 Rd5 67.Kf2 Rd4 68.Rb2 Kf4 69.Ra2 g4 70.hxg4 hxg4 71.Kg2 Kg5 72.Ra3 
Kh4 73.Ra2 Rd3 74.Rb2 1/2-1/2

[Event "Tbilisi zt (Women)"]
[Site "Tbilisi"]
[Date "1999.??.??"]
[Round "5"]
[White "Javakhishvili, Lela"]
[Black "Stiri, Alexandra"]
[Result "1-0"]
[WhiteElo "2181"]
[BlackElo "2092"]
[EventDate "1999.05.07"]
[PlyCount "59"]

1.d4 Nf6 2.Nf3 g6 3.c4 c5 4.d5 e6 5.Nc3 exd5 6.cxd5 d6 7.Nd2 a6 8.a4 Nbd7 
9.e4 Bg7 10.Nc4 Nb6 11.Ne3 O-O 12.Bd3 Nh5 13.a5 Nd7 14.g3 Ne5 15.Be2 Nf6 
16.f4 Ned7 17.O-O Qe7 18.Bf3 Rb8 19.Nc4 b5 20.axb6 Nxb6 21.Na5 Bd7 22.Qe2 
h5 23.Nc6 Bxc6 24.dxc6 Ne8 25.Rxa6 Bd4+ 26.Kh1 Qf6 27.Rxb6 Rxb6 28.Nd5 Qd8
29.c7 Nxc7 30.Nxb6 1-0

[Event "Tbilisi zt (Women)"]
[Site "Tbilisi"]
[Date "1999.??.??"]
[Round "5"]
[White "Khorava, Miranda"]
[Black "Tqeshelashvili, Sopio"]
[Result "1/2-1/2"]
[WhiteElo "2210"]
[BlackElo "2321"]
[EventDate "1999.05.07"]
[PlyCount "100"]

1.e4 c5 2.Nf3 d6 3.d4 cxd4 4.Nxd4 Nf6 5.f3 Nc6 6.c4 g6 7.Be3 Bg7 8.Qd2 O-O
9.Nc3 Nd7 10.Nc2 Nde5 11.Be2 Be6 12.Nd5 f5 13.exf5 Bxf5 14.O-O Rc8 15.Rac1
Qe8 16.Nd4 Nxd4 17.Bxd4 b6 18.Rfe1 Qf7 19.b3 Be6 20.Nc3 h6 21.Nb5 Nc6 22.
Bxg7 Qxg7 23.Bd3 Bd7 24.Be4 a6 25.Bxc6 Rxc6 26.Nc3 Rf7 27.Re3 b5 28.cxb5 
axb5 29.Rce1 Rc5 30.Nd5 e5 31.Nc3 Qf8 32.Rd3 Rc6 33.Nxb5 Rf6 34.Nc3 Bf5 
35.Ne4 Re6 36.Rd5 Kh7 37.a4 Qb8 38.b4 Qa7+ 39.Kh1 Qxa4 40.Nxd6 Rc2 41.Qd1 
Qxb4 42.Nxf5 gxf5 43.Rdxe5 Rxe5 44.Rxe5 Qd2 45.Qxd2 Rxd2 46.h4 Kg6 47.Kh2 
h5 48.Re6+ Kg7 49.Kg3 Rd4 50.Kh3 Ra4 1/2-1/2

[Event "Tbilisi zt (Women)"]
[Site "Tbilisi"]
[Date "1999.??.??"]
[Round "5"]
[White "Khurtsilava, Inga"]
[Black "Mkrtchian, Lilit"]
[Result "1/2-1/2"]
[WhiteElo "2259"]
[BlackElo "2294"]
[EventDate "1999.05.07"]
[PlyCount "114"]

1.d4 d5 2.Nf3 Nf6 3.e3 Bg4 4.h3 Bxf3 5.Qxf3 e6 6.Nd2 Nbd7 7.e4 dxe4 8.Nxe4
Nxe4 9.Qxe4 c6 10.c3 Bd6 11.Bd3 Qf6 12.O-O O-O-O 13.a4 e5 14.Be3 Rhe8 15.
d5 c5 16.b4 Kb8 17.Rfb1 cxb4 18.Rxb4 Nc5 19.Bxc5 Bxc5 20.Rb2 Qd6 21.Bc4 g6
22.Rab1 Re7 23.a5 a6 24.Qc2 Ka7 25.Qa4 f5 26.Ba2 e4 27.Qc4 h5 28.Rb6 Bxb6 
29.Rxb6 Qe5 30.Qc5 Kb8 31.Bc4 Rc7 32.Qb4 Rxc4 33.Qxc4 Qxd5 34.Qxa6 Rc8 35.
Qe2 Qxa5 36.Qb2 Qd5 37.Rxg6 h4 38.Rh6 Qd1+ 39.Kh2 Qd8 40.Rh7 Qd6+ 41.g3 
hxg3+ 42.fxg3 Qd5 43.Re7 Rc7 44.Re8+ Rc8 45.Re7 Rc7 46.Re8+ Rc8 47.Re7 Rc5
48.h4 Rb5 49.Qf2 Rb1 50.Re8+ Kc7 51.Rf8 e3 52.Qf4+ Kd7 53.Qa4+ Kc7 54.Qf4+
Kd7 55.Qa4+ Kc7 56.Qf4+ Kd7 57.Qa4+ Kc7 1/2-1/2

[Event "Tbilisi zt (Women)"]
[Site "Tbilisi"]
[Date "1999.??.??"]
[Round "5"]
[White "Lomineishvili, Maia"]
[Black "Bojkovic, Natasa"]
[Result "1/2-1/2"]
[WhiteElo "2375"]
[BlackElo "2424"]
[EventDate "1999.05.07"]
[PlyCount "46"]

1.d4 Nf6 2.c4 e6 3.Nc3 Bb4 4.Qc2 O-O 5.e4 d5 6.e5 Ne4 7.Bd3 c5 8.cxd5 exd5
9.Ne2 cxd4 10.Nxd4 Nd7 11.f4 Ndc5 12.O-O Bxc3 13.bxc3 Nxd3 14.Qxd3 Qc7 15.
Ba3 Re8 16.Rac1 b6 17.c4 Ba6 18.Nb5 Qd7 19.Rfd1 Rad8 20.h3 h5 21.Qe3 Bxb5 
22.Rxd5 Qf5 23.Rxd8 Rxd8 1/2-1/2

[Event "Tbilisi zt (Women)"]
[Site "Tbilisi"]
[Date "1999.??.??"]
[Round "5"]
[White "Maisuradze, Nino"]
[Black "Cinar, Nilufer"]
[Result "0-1"]
[WhiteElo "2143"]
[BlackElo "2052"]
[EventDate "1999.05.07"]
[PlyCount "54"]

1.d4 d5 2.c4 e6 3.Nc3 c5 4.cxd5 cxd4 5.Qxd4 Nc6 6.Qd1 exd5 7.Qxd5 Bd7 8.
Nf3 Nf6 9.Qd1 Bc5 10.e3 Qe7 11.Be2 O-O-O 12.Bd2 Kb8 13.O-O g5 14.a3 g4 15.
Ne1 Bf5 16.b4 Bb6 17.Ra2 h5 18.Bb5 Ne5 19.Na4 Bc7 20.Nc5 Ne4 21.Qc1 Qh4 
22.g3 Qh3 23.Nxe4 Nf3+ 24.Nxf3 gxf3 25.Qxc7+ Ka8 26.Qxb7+ Kxb7 27.Nc5+ Kb6
0-1

[Event "Tbilisi zt (Women)"]
[Site "Tbilisi"]
[Date "1999.??.??"]
[Round "5"]
[White "Makropoulou, Marina"]
[Black "Khmiadashvili, Tamari"]
[Result "1-0"]
[WhiteElo "2294"]
[BlackElo "2197"]
[EventDate "1999.05.07"]
[PlyCount "107"]

1.e4 c6 2.d4 g6 3.Nc3 Bg7 4.Nf3 a6 5.Bd3 d5 6.h3 dxe4 7.Nxe4 Bf5 8.O-O 
Bxe4 9.Bxe4 Nf6 10.Bd3 O-O 11.Re1 Qd6 12.Qe2 e6 13.c4 c5 14.dxc5 Qxc5 15.
Be3 Qc7 16.Rac1 Nc6 17.a3 e5 18.Bb1 Rfe8 19.Red1 Nh5 20.Qc2 e4 21.Nd4 f5 
22.Nxc6 bxc6 23.c5 Be5 24.Qc4+ Kg7 25.Bd4 Nf6 26.Bxe5 Rxe5 27.Rd6 Rd5 28.
Rxd5 Nxd5 29.Qd4+ Kh6 30.Rd1 Qf4 31.Ba2 Rd8 32.Bc4 a5 33.Be2 Rb8 34.Bc4 
Rd8 35.Be2 Rb8 36.g3 Qc7 37.Bc4 Rd8 38.b3 e3 39.Qh4+ Kg7 40.Qd4+ Kh6 41.
Qh4+ Kg7 42.fxe3 Nf6 43.Rxd8 Qxd8 44.Qd4 Qe7 45.Bf1 Kh6 46.Bg2 Qe6 47.b4 
axb4 48.axb4 Ne4 49.Bxe4 fxe4 50.g4 Qe8 51.Kg2 Qe6 52.Kg3 Qb3 53.Qxe4 Qd1 
54.Qf4+ 1-0

[Event "Tbilisi zt (Women)"]
[Site "Tbilisi"]
[Date "1999.??.??"]
[Round "5"]
[White "Manakova, Maria"]
[Black "Charkhalashvili, Inga"]
[Result "1-0"]
[WhiteElo "2344"]
[BlackElo "2147"]
[EventDate "1999.05.07"]
[PlyCount "89"]

1.d4 Nf6 2.Nf3 e6 3.g3 b6 4.Bg2 Bb7 5.O-O Be7 6.c4 O-O 7.Nc3 d5 8.Ne5 Nbd7
9.Nd3 Ne4 10.cxd5 exd5 11.Nf4 Ndf6 12.Qb3 Nxc3 13.bxc3 Ne4 14.Rd1 Qd7 15.
Be3 Rfd8 16.Rac1 Bc6 17.Re1 Bb7 18.c4 dxc4 19.Qxc4 Bd6 20.Qc2 Qe7 21.Nd3 
Rac8 22.Red1 c5 23.dxc5 bxc5 24.Qc4 Re8 25.Nf4 Bxf4 26.Bxf4 h6 27.Be3 Qf6 
28.Rd7 Bc6 29.Rxa7 Nd6 30.Qf4 Nf5 31.Rxc5 g6 32.Bxc6 Rxc6 33.Rxc6 Qxc6 34.
g4 Re4 35.Qf3 Nd6 36.Bxh6 Qc4 37.h3 Rxe2 38.Be3 Re1+ 39.Kh2 Qf1 40.Qg2 Qd3
41.Qa8+ Kg7 42.Rd7 Re2 43.Qf3 Rd2 44.Qf4 Rd1 45.Qe5+ 1-0

[Event "Tbilisi zt (Women)"]
[Site "Tbilisi"]
[Date "1999.??.??"]
[Round "5"]
[White "Matnadze, Ana"]
[Black "Kalevic, Sanja"]
[Result "1/2-1/2"]
[WhiteElo "2283"]
[BlackElo "2354"]
[EventDate "1999.05.07"]
[PlyCount "86"]

1.d4 e6 2.g3 c5 3.Nf3 Nf6 4.Bg2 Nc6 5.O-O Qb6 6.dxc5 Bxc5 7.c4 O-O 8.Nc3 
Be7 9.b3 Rd8 10.Bb2 d5 11.cxd5 exd5 12.Na4 Qa5 13.Nd4 Bd7 14.Rc1 Rac8 15.
Nxc6 Bxc6 16.Bc3 Qc7 17.Bd4 Qb8 18.Bh3 Bd7 19.Bxd7 Rxc1 20.Qxc1 Rxd7 21.
Rd1 Qe8 22.Qg5 h6 23.Qe3 Ne4 24.Nc3 Nxc3 25.Bxc3 Qc8 26.Bd4 b6 27.h4 Bf8 
28.Qd3 Bc5 29.Bb2 Qd8 30.e3 Qe7 31.Qf5 Qe6 32.Qe5 Qxe5 33.Bxe5 f6 34.Bb2 
Kf7 35.Kf1 Ke6 36.Ke2 g6 37.Kd3 h5 38.a3 a6 39.Rc1 a5 40.Rc2 f5 41.Rc1 Rd8
42.Rc2 Rd7 43.Bd4 Kd6 1/2-1/2

[Event "Tbilisi zt (Women)"]
[Site "Tbilisi"]
[Date "1999.??.??"]
[Round "5"]
[White "Nikoladze, Sopio"]
[Black "Fakhiridou, Ekaterini"]
[Result "1-0"]
[WhiteElo "2262"]
[BlackElo "2239"]
[EventDate "1999.05.07"]
[PlyCount "63"]

1.d4 d5 2.Nf3 Nc6 3.e3 Bg4 4.Bb5 e6 5.c4 Bb4+ 6.Bd2 Bxd2+ 7.Nbxd2 Ne7 8.h3
Bxf3 9.Qxf3 a6 10.Bxc6+ Nxc6 11.Qg3 O-O 12.O-O Ne7 13.Rfc1 c6 14.b4 Nf5 
15.Qf4 g5 16.Qg4 Ng7 17.h4 f6 18.hxg5 fxg5 19.Nf3 Rf5 20.Ne5 Qe7 21.c5 
Raf8 22.f3 Ne8 23.a4 Nf6 24.Qg3 Qg7 25.b5 axb5 26.axb5 cxb5 27.Ra7 g4 28.
c6 Qh6 29.fxg4 Rg5 30.cxb7 Ne4 31.Qf4 Rxf4 32.exf4 1-0

[Event "Tbilisi zt (Women)"]
[Site "Tbilisi"]
[Date "1999.??.??"]
[Round "5"]
[White "Prudnikova, Svetlana"]
[Black "Goletiani, Rusudan"]
[Result "1-0"]
[WhiteElo "2415"]
[BlackElo "2310"]
[EventDate "1999.05.07"]
[PlyCount "71"]

1.Nf3 c5 2.c4 Nf6 3.g3 b6 4.Bg2 Bb7 5.O-O e6 6.Nc3 Be7 7.Re1 d6 8.e4 a6 9.
d4 cxd4 10.Nxd4 Qc7 11.Be3 O-O 12.Rc1 Nbd7 13.f4 Rfe8 14.g4 g6 15.g5 Nh5 
16.Nde2 Bf8 17.Ng3 Nxg3 18.hxg3 Rac8 19.b3 Qb8 20.Qd2 Bc6 21.Nd1 b5 22.Nf2
Qb7 23.cxb5 axb5 24.Bd4 e5 25.Ba1 Qa7 26.Bf3 Ba8 27.Kg2 Rxc1 28.Rxc1 Nc5 
29.b4 Nd7 30.Ng4 Bg7 31.Nh6+ Bxh6 32.gxh6 Nb6 33.Qxd6 Qxa2+ 34.Kh3 Na4 35.
Qf6 Kf8 36.Rc7 1-0

[Event "Tbilisi zt (Women)"]
[Site "Tbilisi"]
[Date "1999.??.??"]
[Round "5"]
[White "Sisman, Gizem"]
[Black "Tsurtsumia, Natia"]
[Result "0-1"]
[WhiteElo "2050"]
[BlackElo "2122"]
[EventDate "1999.05.07"]
[PlyCount "55"]

1.d4 Nf6 2.Nf3 e6 3.Bg5 Be7 4.Nbd2 d5 5.c3 b6 6.e3 O-O 7.Bd3 Bb7 8.O-O 
Nbd7 9.Re1 Ne4 10.Bxe7 Qxe7 11.Qc2 f5 12.c4 c6 13.Qb3 g5 14.Nf1 Rab8 15.
Rac1 Kh8 16.Ng3 g4 17.Bxe4 fxe4 18.Ne5 Nxe5 19.dxe5 Qf7 20.Rf1 Ba6 21.Qc2 
Bxc4 22.Ne2 c5 23.b3 Bd3 24.Qd2 Rb7 25.f4 gxf3 26.gxf3 exf3 27.Qxd3 f2+ 
28.Kh1 0-1

[Event "Tbilisi zt (Women)"]
[Site "Tbilisi"]
[Date "1999.??.??"]
[Round "6"]
[White "Bojkovic, Natasa"]
[Black "Matnadze, Ana"]
[Result "1/2-1/2"]
[WhiteElo "2424"]
[BlackElo "2283"]
[EventDate "1999.05.07"]
[PlyCount "47"]

1.d4 Nf6 2.Nf3 e6 3.c4 b6 4.g3 Bb7 5.Bg2 Be7 6.O-O O-O 7.Nc3 Ne4 8.Qc2 
Nxc3 9.Qxc3 c5 10.Qc2 Nc6 11.dxc5 bxc5 12.b3 Bf6 13.Bb2 Bxb2 14.Qxb2 d6 
15.Rfd1 Qe7 16.Qd2 Rfd8 17.a3 a5 18.Rab1 h6 19.Qc3 Qc7 20.Rd2 Ne7 21.Nh4 
Bxg2 22.Nxg2 Nc6 23.Nf4 Ra6 24.Rd3 1/2-1/2

[Event "Tbilisi zt (Women)"]
[Site "Tbilisi"]
[Date "1999.??.??"]
[Round "6"]
[White "Charkhalashvili, Inga"]
[Black "Danielian, Elina"]
[Result "0-1"]
[WhiteElo "2147"]
[BlackElo "2353"]
[EventDate "1999.05.07"]
[PlyCount "90"]

1.e4 c6 2.d4 d5 3.Nc3 g6 4.Nf3 Bg7 5.Be2 Nh6 6.O-O O-O 7.Bf4 f6 8.Qd2 Nf7 
9.Bg3 Bh6 10.Bf4 Bg7 11.Be3 e6 12.h4 Nd7 13.Nh2 f5 14.exf5 exf5 15.g3 Nf6 
16.Kg2 Bd7 17.Bf4 h6 18.Nf3 Nh5 19.Be5 f4 20.Bxg7 Kxg7 21.Nh2 Nd6 22.Bf3 
Nc4 23.Qc1 Qc8 24.g4 Nf6 25.b3 Nb6 26.Qxf4 Nxg4 27.Qg3 Nxh2 28.Kxh2 Qd8 
29.Rg1 Qb8 30.Kg2 Qxg3+ 31.fxg3 Bh3+ 32.Kxh3 Rxf3 33.Ne2 Re8 34.Nf4 Re4 
35.Kh2 g5 36.hxg5 hxg5 37.Nh3 Kg6 38.Rad1 Nd7 39.Rge1 Rc3 40.Rxe4 Rxc2+ 
41.Kg1 dxe4 42.d5 Ne5 43.d6 Nf3+ 44.Kf1 e3 45.Ng1 Rf2# 0-1

[Event "Tbilisi zt (Women)"]
[Site "Tbilisi"]
[Date "1999.??.??"]
[Round "6"]
[White "Edzgveradze, Natalia"]
[Black "Manakova, Maria"]
[Result "0-1"]
[WhiteElo "2295"]
[BlackElo "2344"]
[EventDate "1999.05.07"]
[PlyCount "82"]

1.d4 e6 2.c4 f5 3.g3 Nf6 4.Bg2 Bb4+ 5.Nd2 O-O 6.Nf3 b6 7.Ne5 Ne4 8.a3 
Bxd2+ 9.Bxd2 Bb7 10.O-O Qe7 11.b4 d6 12.Nd3 Nd7 13.Bc1 Nc3 14.Qc2 Bxg2 15.
Kxg2 Ne4 16.Bb2 Rac8 17.Rad1 c5 18.dxc5 bxc5 19.b5 e5 20.Nc1 Nb6 21.Nb3 
Qe6 22.Na5 Ng5 23.Qd2 f4 24.gxf4 Rxf4 25.f3 Qh3+ 26.Kg1 Ne4 27.Qc2 Rh4 28.
e3 Ng3 29.Rf2 Nf5 30.Bc1 Rf8 31.Rg2 Qxf3 32.Re1 e4 33.Nc6 Rf6 34.Nxa7 Rg6 
35.Rf1 Qh3 36.Kh1 Rhg4 37.Rff2 Rxg2 38.Rxg2 Qf3 39.Qf2 Qd1+ 40.Qg1 Qf3 41.
Qf2 Ng3+ 0-1

[Event "Tbilisi zt (Women)"]
[Site "Tbilisi"]
[Date "1999.??.??"]
[Round "6"]
[White "Goletiani, Rusudan"]
[Black "Cinar, Nilufer"]
[Result "1-0"]
[WhiteElo "2310"]
[BlackElo "2052"]
[EventDate "1999.05.07"]
[PlyCount "71"]

1.Nf3 d5 2.b3 Bg4 3.Bb2 Bxf3 4.exf3 e6 5.g3 Nf6 6.Bg2 g6 7.Qe2 Nbd7 8.f4 
Bg7 9.Bxd5 c6 10.Bf3 O-O 11.O-O Re8 12.d4 a5 13.a4 Nd5 14.Nd2 c5 15.Bxd5 
exd5 16.Qb5 cxd4 17.Nf3 Rc8 18.Nxd4 Re4 19.Rad1 Nc5 20.Ba1 h5 21.Nf3 Bxa1 
22.Rxa1 Rb4 23.Qe2 Qd7 24.Rad1 Qg4 25.Nd4 Qd7 26.f5 Re8 27.Qd2 Ne4 28.Qh6 
Rb6 29.c4 Qe7 30.cxd5 Ng5 31.h4 Nh3+ 32.Kh2 Qe4 33.Rde1 Qxe1 34.Rxe1 Rxe1 
35.Kxh3 Rd1 36.Ne6 1-0

[Event "Tbilisi zt (Women)"]
[Site "Tbilisi"]
[Date "1999.??.??"]
[Round "6"]
[White "Hlgatian, Goar"]
[Black "Gasparian, Narine"]
[Result "0-1"]
[WhiteElo "2239"]
[BlackElo "2170"]
[EventDate "1999.05.07"]
[PlyCount "120"]

1.e4 c5 2.Nf3 e6 3.d4 cxd4 4.Nxd4 Nc6 5.Nb5 d6 6.c4 Nf6 7.N1c3 a6 8.Na3 
Be7 9.Be2 O-O 10.O-O b6 11.Be3 Bb7 12.f3 Re8 13.Qd2 d5 14.cxd5 exd5 15.
exd5 Nb4 16.Rfd1 Nbxd5 17.Bd4 b5 18.Nc2 Qc7 19.Kh1 Rad8 20.Rac1 Nf4 21.Bf1
Ne6 22.Ne2 Qb8 23.Qe1 Nd5 24.Qg3 Qxg3 25.hxg3 Nxd4 26.Ncxd4 Bf6 27.Rd3 Rc8
28.Rcd1 g6 29.a3 Be5 30.f4 Bxd4 31.Nxd4 Ne3 32.Ra1 Nc4 33.b4 Ne3 34.Kg1 
Rcd8 35.Re1 Nc4 36.Rxe8+ Rxe8 37.Kf2 Rd8 38.Nc2 Rxd3 39.Bxd3 Nb2 40.Bf1 
Nd1+ 41.Ke2 Nc3+ 42.Ke3 Ne4 43.g4 Nf6 44.Kd4 Nxg4 45.Ne1 Kf8 46.Be2 Nf6 
47.Kc5 Ne4+ 48.Kb6 Nd6 49.Bf3 Bc8 50.Nd3 Nc4+ 51.Kc7 Bf5 52.Nc5 Nxa3 53.
Nxa6 h5 54.Kc6 Bd3 55.Kc5 h4 56.Nc7 Bf1 57.Bc6 Kg7 58.Nd5 Bxg2 59.Bxb5 
Bxd5 60.Bf1 Bc4 0-1

[Event "Tbilisi zt (Women)"]
[Site "Tbilisi"]
[Date "1999.??.??"]
[Round "6"]
[White "Javakhishvili, Lela"]
[Black "Botsari, Anna Maria"]
[Result "1-0"]
[WhiteElo "2181"]
[BlackElo "2333"]
[EventDate "1999.05.07"]
[PlyCount "157"]

1.d4 d5 2.c4 Nc6 3.cxd5 Qxd5 4.e3 e5 5.Nc3 Bb4 6.Bd2 Bxc3 7.Bxc3 exd4 8.
Ne2 Nf6 9.Nxd4 O-O 10.Nb5 Qg5 11.Qa4 Nd5 12.Bd2 a6 13.Nc3 Nb6 14.Qf4 Qxf4 
15.exf4 Be6 16.O-O-O Rfd8 17.b3 Nb4 18.Kb2 a5 19.a3 Nc6 20.Be2 a4 21.bxa4 
Na5 22.Bc1 Bb3 23.Rxd8+ Rxd8 24.Be3 Nxa4+ 25.Nxa4 Bxa4 26.Rc1 Nc6 27.Bf3 
Rd7 28.Rc4 Bb5 29.Rc5 Ba4 30.h4 h6 31.f5 Nd8 32.f6 Bc6 33.Bg4 Rd5 34.Rc3 
h5 35.Be2 gxf6 36.g3 Ne6 37.Rd3 b6 38.Rc3 Bb5 39.Bf3 Re5 40.Rc1 Ba4 41.Rc4
Rb5+ 42.Rb4 Ng7 43.Rxb5 Bxb5 44.Bd4 f5 45.Be5 Ne6 46.Bxh5 Bc6 47.Be2 Be4 
48.Kc3 Kh7 49.Bh5 Kg8 50.Kc4 c6 51.Kc3 Bd5 52.Kd2 Nc5 53.Bc7 b5 54.Be2 Kg7
55.Ke3 Kg6 56.Bd6 Ne6 57.Bd3 Kf6 58.Bb4 Nc7 59.Bc3+ Kg6 60.Be5 Ne8 61.Kf4 
Be6 62.g4 Bd7 63.h5+ Kh6 64.Bxf5 Bxf5 65.Kxf5 c5 66.Ke4 f6 67.Bf4+ Kh7 68.
Kd5 b4 69.a4 Nc7+ 70.Kxc5 Ne6+ 71.Kxb4 Nxf4 72.a5 Nd3+ 73.Kb5 Nxf2 74.a6 
Nxg4 75.a7 Kh6 76.a8=Q Kxh5 77.Kc4 Kg5 78.Kd4 f5 79.Qb8 1-0